[Event "Jack Woodbury mem."]
[Site "Winnipeg CAN"]
[Date "2019.11.05"]
[Round "1.4"]
[White "Remillard, John"]
[Black "Abioye, Yemi"]
[Result "0-1"]
[WhiteElo "1568"]
[BlackElo "2068"]
[PlyCount "102"]
[EventDate "2019.11.05"]
[EventType "swiss"]
[EventRounds "6"]
[EventCountry "CAN"]

1. Nf3 c6 2. c4 d5 3. cxd5 cxd5 4. d4 Nc6 5. e3 e6 6. Nc3 a6 7. Bd3 Nf6 8. O-O
Be7 9. Qc2 Bd7 10. a3 Rc8 11. Ne5 Qc7 12. f4 g6 13. Qe2 Na5 14. Bc2 b5 15. Nxd7
Nxd7 16. Bd2 Nc4 17. Ra2 Qa5 18. b4 Qc7 19. Nb1 f5 20. Bd3 Nf6 21. Rc1 O-O 22.
Bxc4 bxc4 23. Nc3 Qd7 24. Rb1 Rb8 25. h3 h5 26. Be1 Rb7 27. Qc2 Rfb8 28. Bh4
Ne4 29. Bxe7 Nxc3 30. Qxc3 Qxe7 31. Rab2 Qd7 32. Qc2 Rc7 33. g4 hxg4 34. hxg4
Kg7 35. g5 Rcb7 36. Kg2 Rh8 37. Rh1 Rbb8 38. Rxh8 Rxh8 39. Kg3 Kf8 40. a4 Qh7
41. Qg2 Qh4+ 42. Kf3 Qe1 43. Re2 Qd1 44. Kg3 Qxa4 45. Ra2 Qb3 46. Qe2 Qb1 47.
Qf2 c3 48. Rxa6 c2 49. Ra8+ Ke7 50. Rxh8 c1=Q 51. Rh2 Qe1 {White resigned} 0-1

[Event "Jack Woodbury mem."]
[Site "Winnipeg CAN"]
[Date "2019.11.05"]
[Round "1.5"]
[White "Czypinski, Jaroslaw"]
[Black "Myrzaibraimova, Aibike"]
[Result "1-0"]
[WhiteElo "1975"]
[BlackElo "1566"]
[PlyCount "73"]
[EventDate "2019.11.05"]
[EventType "swiss"]
[EventRounds "6"]
[EventCountry "CAN"]

1. e4 e6 2. d4 d5 3. Nc3 Nf6 4. Bg5 Be7 5. e5 Nfd7 6. Bxe7 Qxe7 7. Nf3 a6 8.
Bd3 c5 9. dxc5 Nxc5 10. O-O O-O 11. Ne2 Nc6 12. Ned4 Bd7 13. c3 Qd8 14. Bc2 b5
15. Nxc6 Bxc6 16. Qd4 Qe7 17. Qg4 f5 18. exf6 Rxf6 19. Qh4 g6 20. Ne5 Be8 21.
Qd4 Qc7 22. Ng4 Rf4 23. Nh6+ Kf8 24. Qh8+ Ke7 25. Qxh7+ Kd6 26. Qxc7+ Kxc7 27.
f3 Bd7 28. Ng4 g5 29. Ne5 Rg8 30. h3 d4 31. cxd4 Rxd4 32. Rfd1 Rf4 33. Rac1 Rd8
34. Be4 Kb6 35. Rd6+ Ka7 36. Rxc5 Rc8 37. Rxd7+ 1-0

[Event "Jack Woodbury mem."]
[Site "Winnipeg CAN"]
[Date "2019.11.05"]
[Round "1.7"]
[White "Letain, Cory"]
[Black "Gannon, Keith"]
[Result "1-0"]
[WhiteElo "1838"]
[BlackElo "1503"]
[PlyCount "47"]
[EventDate "2019.11.05"]
[EventType "swiss"]
[EventRounds "6"]
[EventCountry "CAN"]

1. e4 c5 2. Nf3 d6 3. d4 cxd4 4. Nxd4 Nf6 5. Nc3 Nc6 6. Be3 Nxd4 7. Bxd4 e5 8.
Be3 Ng4 9. Bb5+ Bd7 10. Qxg4 Bxb5 11. Nxb5 Qa5+ 12. Nc3 Qb4 13. O-O-O h5 14.
Qe2 a6 15. Nd5 Qxe4 16. Nc7+ Kd7 17. Nxa8 Qxg2 18. Qc4 d5 19. Rxd5+ Qxd5 20.
Qxd5+ Ke7 21. Qxe5+ Kd7 22. Rd1+ Kc6 23. Qc7+ Kb5 24. Rd5+ 1-0

[Event "Jack Woodbury mem."]
[Site "Winnipeg CAN"]
[Date "2019.11.05"]
[Round "1.8"]
[White "Magyar, Peter"]
[Black "Green, Jim"]
[Result "0-1"]
[WhiteElo "1502"]
[BlackElo "1835"]
[Annotator "green,jim"]
[PlyCount "110"]
[EventDate "2019.11.05"]
[EventType "swiss"]
[EventRounds "6"]
[EventCountry "CAN"]

1. d4 d5 2. Bf4 Nf6 3. e3 e6 4. Nd2 Bd6 5. Bg3 O-O 6. Be2 c5 7. c3 Nc6 8. Ngf3
a6 9. O-O Bxg3 10. hxg3 c4 11. Ne5 Qc7 12. f4 b5 13. Kf2 Nxe5 14. fxe5 Ne4+ 15.
Nxe4 dxe4 16. Rh1 f5 $6 (16... f6 17. exf6 Rxf6+) 17. Rxh7 $4 $19 Kxh7 18. Qh1+
Kg8 19. Qh2 g6 20. Rh1 Qg7 21. Qg1 Kf7 22. g4 Rh8 23. gxf5 exf5 24. Rh2 Rxh2
25. Qxh2 Be6 26. Ke1 Rh8 27. Qg1 Qh6 28. Kd2 Ke7 29. a4 f4 30. axb5 fxe3+ 31.
Kc2 Qh1 (31... Qg5) 32. Qxe3 Qxg2 33. d5 Bxd5 $6 $11 (33... Rh2 34. Qc5+ Ke8
35. Qxc4 Qxe2+ 36. Qxe2 Rxe2+ 37. Kb3 axb5 38. dxe6 $19) 34. Qc5+ Kf7 35. Qxd5+
Kg7 36. Qxc4 $2 $19 (36. Qd7+ Kh6 37. Qd2+ Qg5 38. bxa6 e3 39. Qd5 Rd8 40. Qh1+
Kg7 41. a7 Qf5+ 42. Kc1 Rd2 43. Bd1 e2 44. Kxd2 Qd3+ 45. Kc1 Qe3+ 46. Kb1 Qe4+
47. Qxe4 exd1=Q+ 48. Ka2 Qa4+ 49. Kb1 Qd1+ $11) 36... axb5 (36... Rh2) 37. Qxb5
Rh2 38. Kd2 Qg5+ 39. Kc2 Qe3 40. Kb3 Qxe2 41. Qd7+ Kh6 42. e6 Qxb2+ 43. Kc4
Qa2+ 44. Kc5 Qa3+ 45. Kc4 Qa2+ 46. Kc5 Qa5+ 47. Kc4 Qa6+ 48. Kb3 Qa2+ 49. Kb4
Rb2+ 50. Kc5 Qa5+ 51. Kd6 (51. Kc4 e3 52. e7 Qa6+ 53. Kc5 Qb6+ 54. Kc4 Qb3+ 55.
Kc5 Qxc3+ 56. Kd6 Qd4+) 51... Rd2+ 52. Ke7 Rxd7+ 53. exd7 e3 54. d8=Q Qxd8+ 55.
Kxd8 e2 0-1

[Event "Jack Woodbury mem."]
[Site "Winnipeg CAN"]
[Date "2019.11.05"]
[Round "1.9"]
[White "Annakkage, Udaya"]
[Black "Gregoryanz, Philipp"]
[Result "0-1"]
[WhiteElo "1803"]
[BlackElo "1482"]
[Annotator "aboro"]
[PlyCount "44"]
[EventDate "2019.11.05"]
[EventType "swiss"]
[EventRounds "6"]
[EventCountry "CAN"]

1. e4 e5 2. Nf3 Nc6 3. Bb5 Nd4 4. Nxd4 exd4 5. O-O Bc5 6. d3 Ne7 7. Bg5 O-O 8.
Nd2 c6 9. Ba4 d5 10. Re1 Be6 11. Bb3 Qd7 12. h3 Ng6 13. exd5 cxd5 14. Nf3 h6
15. Bd2 a5 16. a4 Bd6 17. Nh2 Bxh3 18. Qf3 (18. gxh3 Qxh3 19. f4 Bxf4 20. Bxf4
Nxf4 21. Qg4 $14) 18... Bxg2 19. Qxg2 Nh4 20. Qxd5 {??} ({
The queen is needed to cover all the squares near the king} 20. Qh1 $8) 20...
Qh3 $2 (20... Bxh2+ 21. Kxh2 Qg4 {and Nf3+ next is curtains}) 21. Qh1 (21. f4
$8 {another 'only move' appears to hold, blunting the bishop}) 21... Bxh2+ 22.
Qxh2 Nf3+ 0-1

[Event "Jack Woodbury mem."]
[Site "Winnipeg CAN"]
[Date "2019.11.05"]
[Round "1.10"]
[White "Trueman, Francis"]
[Black "Einarsson, Ken"]
[Result "0-1"]
[WhiteElo "1452"]
[BlackElo "1800"]
[PlyCount "66"]
[EventDate "2019.11.05"]
[EventType "swiss"]
[EventRounds "6"]
[EventCountry "CAN"]

1. e4 c6 2. d3 d5 3. Nd2 dxe4 4. dxe4 e5 5. Ngf3 Nd7 6. g3 Ngf6 7. Bg2 Bd6 8.
O-O O-O 9. Re1 Re8 10. a4 Nc5 11. Nh4 Bg4 12. Bf3 Bxf3 13. Qxf3 Bc7 14. Qe2 Ba5
15. Rd1 Qc8 16. Qc4 Bxd2 17. Qxc5 Bxc1 18. Raxc1 Nxe4 19. Qc4 Nf6 20. Re1 e4
21. Rcd1 Qh3 22. Qf1 Qxf1+ 23. Kxf1 Rad8 24. Nf5 Rxd1 25. Rxd1 g6 26. Ne3 Re5
27. c4 Kf8 28. Rd8+ Re8 29. Rd2 Ke7 30. g4 Rd8 31. Re2 Rd4 32. g5 Nh5 33. f4
Nxf4 0-1

[Event "Jack Woodbury mem."]
[Site "Winnipeg CAN"]
[Date "2019.11.05"]
[Round "1.11"]
[White "Kim, Sunyo"]
[Black "Ott, Richard"]
[Result "1/2-1/2"]
[WhiteElo "1778"]
[BlackElo "1432"]
[Annotator "aboro"]
[PlyCount "85"]
[EventDate "2019.11.05"]
[EventType "swiss"]
[EventRounds "6"]
[EventCountry "CAN"]

1. e4 d5 2. exd5 Qxd5 3. Nc3 Qd6 4. Nf3 Nf6 5. d4 c6 6. Be3 g6 7. Qd2 Bg7 8. h3
O-O 9. Bh6 Qb4 10. O-O-O Be6 11. Bxg7 Kxg7 12. a3 Qa5 13. Bd3 Na6 14. Kb1 Rfd8
15. Ne2 Qxd2 16. Rxd2 c5 17. dxc5 Nxc5 18. Nf4 Bf5 19. Bxf5 Rxd2 20. Nxd2 gxf5
21. Re1 e6 22. c3 Rd8 23. Kc2 Nce4 24. Nxe4 Nxe4 25. Re2 Kf6 26. Nd3 a5 27. f4
h5 28. Nf2 Nxf2 29. Rxf2 h4 30. Rd2 Rxd2+ 31. Kxd2 Ke7 32. Kd3 Kd6 33. b4 axb4
34. axb4 Kc6 35. Kd4 (35. c4 {is winning - Black is stuck, and g3 is a threat
as the White king will be able to corral the the g pawn after hxg3} Kd7) 35...
Kb5 36. Ke5 Kc4 37. Kd6 b5 38. Kc6 f6 39. Kd6 e5 40. fxe5 fxe5 41. Kxe5 Kxc3
42. Kxf5 Kxb4 43. Kf4 {Draw agreed, but Black has a clear win.} 1/2-1/2

[Event "Jack Woodbury mem."]
[Site "Winnipeg CAN"]
[Date "2019.11.05"]
[Round "1.12"]
[White "Myrzaibraimova, Alia"]
[Black "Melnyk, Jim"]
[Result "1-0"]
[WhiteElo "1062"]
[BlackElo "1670"]
[PlyCount "73"]
[EventDate "2019.11.05"]
[EventType "swiss"]
[EventRounds "6"]
[EventCountry "CAN"]

1. e4 Nc6 2. Nf3 d5 3. exd5 Qxd5 4. Nc3 Qd8 5. d4 e6 6. Bb5 Bd7 7. O-O a6 8.
Bc4 Be7 9. Bf4 Nf6 10. Re1 O-O 11. Be5 b5 12. Bb3 Na5 13. h3 c5 14. dxc5 Nxb3
15. axb3 Qc8 16. Bxf6 Bxf6 17. b4 Rd8 18. Ra2 Bc6 19. Qe2 Qb7 20. Ne4 Be7 21.
Nfd2 Bd5 22. b3 f5 23. Nc3 Bxg2 24. Qxe6+ Kh8 25. Qxe7 Qc6 26. Qe6 Rxd2 27.
Rxa6 Qxe6 28. Rxa8+ Bxa8 29. Rxe6 Rd8 30. Nxb5 Be4 31. c6 Kg8 32. c7 Rc8 33.
Rd6 Kf7 34. Rd8 Rxc7 35. Nxc7 Bxc2 36. b5 Bxb3 37. b6 1-0

[Event "Jack Woodbury mem."]
[Site "Winnipeg CAN"]
[Date "2019.11.12"]
[Round "2.1"]
[White "Einarsson, Ken"]
[Black "Wiebe, Isaac"]
[Result "0-1"]
[WhiteElo "1795"]
[BlackElo "2239"]
[PlyCount "32"]
[EventDate "2019.11.05"]
[EventType "swiss"]
[EventRounds "6"]
[EventCountry "CAN"]

1. d4 d5 2. c4 dxc4 3. Nc3 a6 4. e3 Nf6 (4... b5 5. a4 b4 6. Bxc4 e6 (6... Bb7
7. Nf3 bxc3 8. Qb3)) 5. Bxc4 b5 6. Bb3 Bb7 7. Nf3 e6 8. O-O Nbd7 9. d5 exd5 10.
Nxd5 Bd6 11. Nxf6+ Nxf6 12. Nd4 O-O 13. Nf5 Bb4 14. Qc2 (14. Qd4 Qxd4 15. exd4)
14... Be4 15. Qe2 Bxf5 16. a3 Bd3 0-1

[Event "Jack Woodbury mem."]
[Site "Winnipeg CAN"]
[Date "2019.11.12"]
[Round "2.2"]
[White "Wolchock, Theo"]
[Black "Crawford, Gary"]
[Result "1-0"]
[WhiteElo "2234"]
[BlackElo "1649"]
[PlyCount "55"]
[EventDate "2019.11.05"]
[EventType "swiss"]
[EventRounds "6"]
[EventCountry "CAN"]

1. e4 e5 2. Nf3 Nc6 3. Bb5 d6 4. d4 Bd7 5. O-O a6 6. Bxc6 Bxc6 7. dxe5 Bxe4 8.
Re1 d5 9. Nc3 Bb4 10. Bd2 Qe7 11. Nxe4 dxe4 12. Rxe4 Bxd2 13. Qxd2 Rd8 14. Rd4
Rxd4 15. Qxd4 Nh6 16. Rd1 O-O 17. Qd7 Qc5 18. c3 g6 19. e6 fxe6 20. Qxe6+ Nf7
21. Rd7 Qb5 22. Rxf7 Rxf7 23. Ne5 Kg7 24. Qxf7+ Kh6 25. Qf4+ Kg7 26. Qf7+ Kh6
27. Qf8+ Kh5 28. g4+ 1-0

[Event "Jack Woodbury mem."]
[Site "Winnipeg CAN"]
[Date "2019.11.12"]
[Round "2.3"]
[White "Abioye, Yemi"]
[Black "Furda, Ievgeniia-Diana"]
[Result "1-0"]
[WhiteElo "2068"]
[BlackElo "1604"]
[PlyCount "67"]
[EventDate "2019.11.05"]
[EventType "swiss"]
[EventRounds "6"]
[EventCountry "CAN"]

1. e4 e5 2. Nf3 Nc6 3. Bc4 Nf6 4. Ng5 d5 5. exd5 Na5 6. Bb5+ c6 7. dxc6 bxc6 8.
Be2 h6 9. Nf3 e4 10. Ng1 Qc7 11. d4 Be7 12. c3 O-O 13. Qc2 c5 14. Be3 Rd8 15.
dxc5 Bxc5 16. Bxc5 Qxc5 17. b4 Qd5 18. bxa5 Qxa5 19. Nd2 Bf5 20. Nc4 Qc7 21.
Ne3 Bg6 22. Nh3 Rac8 23. O-O Qxc3 24. Qxc3 Rxc3 25. Rfd1 Rxd1+ 26. Rxd1 Ra3 27.
Nf4 Kh7 28. Bc4 Ra5 29. g4 Re5 30. h4 Kh8 31. h5 Bh7 32. Bxf7 Re7 33. Rd8+ Bg8
34. Bxg8 1-0

[Event "Jack Woodbury mem."]
[Site "Winnipeg CAN"]
[Date "2019.11.12"]
[Round "2.4"]
[White "Gregoryanz, Philipp"]
[Black "Czypinski, Jaroslaw"]
[Result "0-1"]
[WhiteElo "1482"]
[BlackElo "1975"]
[PlyCount "34"]
[EventDate "2019.11.05"]
[EventType "swiss"]
[EventRounds "6"]
[EventCountry "CAN"]

1. e4 d5 2. exd5 Nf6 3. Nc3 Nxd5 4. Nxd5 Qxd5 5. Nf3 e5 6. b3 Bg4 7. Be2 e4 8.
c4 Qd8 9. Ne5 Bxe2 10. Qxe2 Qd4 11. Nxf7 (11. Qh5 g6 12. Qh3 f5 13. Rb1 Bb4 14.
O-O O-O 15. Bb2 Qxd2 16. Nxg6) 11... Kxf7 12. Rb1 Qd3 13. Qh5+ g6 14. Qe5 Nc6
15. Qxh8 Bg7 16. Qxa8 Nd4 17. Qf8+ Bxf8 0-1

[Event "Jack Woodbury mem."]
[Site "Winnipeg CAN"]
[Date "2019.11.12"]
[Round "2.5"]
[White "Prince, Colin"]
[Black "Odeyemi, Emmanuel"]
[Result "1-0"]
[WhiteElo "1884"]
[BlackElo "1177"]
[PlyCount "65"]
[EventDate "2019.11.05"]
[EventType "swiss"]
[EventRounds "6"]
[EventCountry "CAN"]

1. e4 c5 2. b4 d6 3. Nf3 Nf6 4. e5 Nd5 5. bxc5 dxc5 6. d4 e6 7. c4 Nc7 8. Bb2
Nc6 9. a3 a6 10. Nc3 Bd7 11. d5 exd5 12. cxd5 Na7 13. a4 Bf5 14. Be2 g6 15. d6
Ne6 16. Nd5 Nc6 17. Nf6+ Qxf6 18. exf6 O-O-O 19. Be5 Nxe5 20. Nxe5 Bxd6 21.
Nxf7 Be5 22. Nxd8 Rxd8 23. Qc1 Bxf6 24. O-O Nd4 25. Qxc5+ Kb8 26. Bxa6 Nb3 27.
Qb6 Bc8 28. Qxf6 Nxa1 29. Qxd8 bxa6 30. Rb1+ Nb3 31. Rxb3+ Ka7 32. Qc7+ Bb7 33.
Qxb7# 1-0

[Event "Jack Woodbury mem."]
[Site "Winnipeg CAN"]
[Date "2019.11.12"]
[Round "2.6"]
[White "Green, Jim"]
[Black "Myrzaibraimova, Alia"]
[Result "1-0"]
[WhiteElo "1835"]
[BlackElo "1062"]
[Annotator "green,jim"]
[PlyCount "55"]
[EventDate "2019.11.05"]
[EventType "swiss"]
[EventRounds "6"]
[EventCountry "CAN"]

1. e4 e6 2. Nf3 d5 3. e5 c5 4. b4 Nc6 5. bxc5 Bxc5 6. d4 Bb6 7. c3 Nge7 8. Bd3
O-O 9. Ng5 $6 (9. Bxh7+ Kxh7 10. Ng5+ Kg6 11. h4 Qe8 12. h5+ Kh6 13. Qg4 Nf5
14. Ne4+ Kh7 15. h6 g6 16. Nf6+ $18) 9... h6 10. Qh5 Ng6 $6 $16 (10... f6 11.
exf6 Rxf6 12. Bh7+ Kf8 13. Nf3 $15) 11. Nxf7 Rxf7 12. Qxg6 Kf8 13. Ba3+ Ke8 14.
Qh5 $6 (14. Nd2 Qg5 15. h4 Qxg6 16. Bxg6 Ne7 17. Bxf7+ Kxf7 $18) 14... Nxd4 15.
O-O Nf5 16. Nd2 Qg5 $4 (16... Ne7 17. c4) 17. Bb5+ Bd7 18. Bxd7+ Kxd7 19. Qxf7+
Ne7 20. Nf3 Qg6 21. Qxe7+ Kc6 22. Nd4+ Bxd4 23. cxd4 Qe8 24. Rfc1+ Kb6 25.
Rab1+ Ka6 26. Qxb7+ Ka5 27. Rc5+ Qb5 28. Qxb5# 1-0

[Event "Jack Woodbury mem."]
[Site "Winnipeg CAN"]
[Date "2019.11.05"]
[Round "2.7"]
[White "Bince, Rolando"]
[Black "Klokow, John"]
[Result "1-0"]
[WhiteElo "1866"]
[BlackElo "1676"]
[PlyCount "105"]
[EventDate "2019.11.05"]
[EventType "swiss"]
[EventRounds "6"]
[EventCountry "CAN"]

1. c4 e5 2. Nc3 Nf6 3. g3 d5 4. cxd5 Nxd5 5. Bg2 Nb6 6. Nf3 Nc6 7. O-O Bd6 8.
d3 O-O 9. a4 a5 10. Ng5 h6 11. Nge4 Be6 12. Nxd6 Qxd6 13. Nb5 Qd7 14. Be3 Bd5
15. Bxb6 Bxg2 16. Kxg2 cxb6 17. Qb3 Rac8 18. Rac1 Nd4 19. Nxd4 Qxd4 20. Rc3 Rc6
21. Rfc1 Rfc8 22. e3 Qd8 23. Qb5 Rxc3 24. Rxc3 Rxc3 25. bxc3 Qc7 26. c4 Qc6+
27. f3 f6 28. Qb3 Kf8 29. d4 exd4 30. exd4 Ke7 31. Kf2 Kd7 32. Ke3 Kc7 33. Qc2
Qe6+ 34. Kd2 Qh3 35. Kc3 Qf1 36. f4 Qa1+ 37. Kd3 Qf1+ 38. Ke4 Qe1+ 39. Kf5 Qe8
40. Kg4 Qd7+ 41. Kh5 Qxd4 42. Kg6 Qd7 43. Qb3 Qg4+ 44. Kh7 h5 45. Qc2 f5 46.
Qc3 h4 47. Qxg7+ Qxg7+ 48. Kxg7 hxg3 49. hxg3 Kd6 50. Kf6 Kc5 51. Kxf5 Kxc4 52.
g4 b5 53. g5 1-0

[Event "Jack Woodbury mem."]
[Site "Winnipeg CAN"]
[Date "2019.11.12"]
[Round "2.8"]
[White "Piche, Zachary"]
[Black "Proulx, Roy"]
[Result "0-1"]
[WhiteElo "1527"]
[BlackElo "1833"]
[PlyCount "40"]
[EventDate "2019.11.05"]
[EventType "swiss"]
[EventRounds "6"]
[EventCountry "CAN"]

1. Nf3 d5 2. c4 e6 3. d4 Nf6 4. Nc3 Be7 5. Bf4 a6 6. e3 O-O 7. Qc2 dxc4 8. Bxc4
b5 9. Bd3 Bb7 10. O-O-O Nc6 11. h4 Nb4 12. Qd2 Nxd3+ 13. Qxd3 b4 14. Ne2 Be4
15. Qd2 Qd5 16. b3 a5 17. Ng3 a4 18. Kb2 axb3 19. axb3 Ra3 20. Nxe4 Qxb3+ 0-1

[Event "Jack Woodbury mem."]
[Site "Winnipeg CAN"]
[Date "2019.11.12"]
[Round "2.9"]
[White "Reimer, Bruce"]
[Black "Kim, Sunyo"]
[Result "0-1"]
[WhiteElo "1518"]
[BlackElo "1778"]
[PlyCount "52"]
[EventDate "2019.11.05"]
[EventType "swiss"]
[EventRounds "6"]
[EventCountry "CAN"]

1. c4 e5 2. g3 d5 3. Bg2 c6 4. cxd5 cxd5 5. b3 Nf6 6. Bb2 Nc6 7. e3 Bd6 8. Ne2
O-O 9. d3 Bb4+ 10. Nd2 e4 11. dxe4 Nxe4 12. Bxe4 dxe4 13. a3 Bxd2+ 14. Qxd2
Qxd2+ 15. Kxd2 Na5 16. Kc3 Be6 17. Nd4 Rac8+ 18. Kb4 Nc6+ 19. Ka4 Bd7 20. Nxc6
Rxc6 21. Kb4 a5+ 22. Kxa5 Rfc8 23. Rac1 Ra6+ 24. Kb4 Rb6+ 25. Ka5 Rb5+ 26. Ka4
Ra8# 0-1

[Event "Jack Woodbury mem."]
[Site "Winnipeg CAN"]
[Date "2019.11.12"]
[Round "2.10"]
[White "Ott, Richard"]
[Black "Hopper, Michael"]
[Result "1/2-1/2"]
[WhiteElo "1432"]
[BlackElo "2101"]
[PlyCount "104"]
[EventDate "2019.11.05"]
[EventType "swiss"]
[EventRounds "6"]
[EventCountry "CAN"]

1. d4 d5 2. c4 e6 3. Nc3 f5 4. cxd5 exd5 5. g3 Nf6 6. Bg2 Be7 7. Nf3 O-O 8. O-O
c6 9. Qc2 Ne4 10. a4 Nd7 11. Rd1 Ndf6 12. Bf4 Ng4 13. Nxe4 fxe4 14. Nd2 Bf5 15.
e3 Qd7 16. a5 a6 17. Qc3 Bf6 18. Nb3 g5 19. Nc5 Qg7 20. Bd6 Rf7 21. h3 Nxf2 22.
Kxf2 Bg4 23. Kg1 Bxd1 24. Rxd1 Re8 25. Bf1 Qh6 26. Qb3 Bxd4 27. Rxd4 Qxd6 28.
Kg2 Rf3 29. Nxe4 Rxe4 30. Kxf3 Qf6+ 31. Kg2 Rxd4 32. exd4 Qxd4 33. Qxb7 Qe4+
34. Kh2 Qc2+ 35. Kg1 Qc5+ 36. Kh2 Qf2+ 37. Bg2 Qc2 38. Qb8+ Kg7 39. Qe5+ Kg6
40. Qe8+ Kf6 41. Qd8+ Ke6 42. Qg8+ Kd6 43. Qd8+ Ke6 44. b4 Qc4 45. Qe8+ Kf6 46.
Qh8+ Kg6 47. Qg8+ Kh6 48. Qf8+ Kg6 49. Qd6+ Kg7 50. Qe5+ Kg6 51. Qd6+ Kg7 52.
Qe5+ Kg6 1/2-1/2

[Event "Jack Woodbury mem."]
[Site "Winnipeg CAN"]
[Date "2019.11.12"]
[Round "2.11"]
[White "Melnyk, Jim"]
[Black "Leaden, Bruce"]
[Result "0-1"]
[WhiteElo "1672"]
[BlackElo "1512"]
[Annotator "Bruce"]
[PlyCount "116"]
[EventDate "2019.11.05"]
[EventType "swiss"]
[EventRounds "6"]
[EventCountry "CAN"]

1. e4 e6 2. Nc3 d5 3. Nf3 d4 4. Ne2 c5 5. c3 d3 6. Nf4 c4 7. Qa4+ Nc6 8. Qxc4
Bd7 9. Qxd3 Qb6 10. Qc2 Bd6 11. d4 Rc8 12. Be3 Bxf4 13. Bxf4 Nxd4 14. Nxd4 Qxd4
15. cxd4 Rxc2 16. b3 Nf6 17. Bd3 Rc8 18. Bd6 Bc6 19. f3 Kd7 20. Be5 Ne8 21. O-O
f6 22. Bg3 Nd6 23. Rac1 Bb5 24. Bxb5+ Nxb5 25. Bf2 Rhd8 26. Rc5 Rxc5 27. dxc5
Kc6 28. Rc1 Rd2 29. Ra1 e5 30. a4 Nd4 31. b4 Rb2 32. Be1 Nc2 33. b5+ Kxc5 34.
Bf2+ Nd4 35. h3 b6 36. a5 Kxb5 37. axb6 axb6 38. Ra8 Rc2 39. Ra7 Ne6 40. Rb7
Rc6 41. Be3 Ka6 42. Rb8 b5 43. Bd2 Rc7 44. Ra8+ Ra7 45. Re8 Nd4 46. Rd8 Rb7 47.
Bb4 Nc6 48. Rd6 Rc7 49. Kf2 Kb7 50. Bc5 b4 51. Ke3 b3 52. Ba3 Na5 53. Rd3 Rc2
54. Rd5 Nc4+ 55. Kd3 Nxa3 56. Ra5 Ra2 57. Ra4 b2 58. Rb4+ Ka6 {White Resigns}
0-1

[Event "Jack Woodbury mem."]
[Site "Winnipeg CAN"]
[Date "2019.11.12"]
[Round "2.12"]
[White "Gannon, Keith"]
[Black "Skop, Mike"]
[Result "1-0"]
[WhiteElo "1503"]
[BlackElo "1621"]
[PlyCount "62"]
[EventDate "2019.11.05"]
[EventType "swiss"]
[EventRounds "6"]
[EventCountry "CAN"]

1. e4 c6 2. Nf3 Na6 3. Nc3 Nc7 4. d4 g6 5. Be2 Bg7 6. O-O Nh6 7. Re1 O-O 8. Bd2
f6 9. Bc4+ d5 10. exd5 cxd5 11. Bb3 Nf7 12. Qe2 e6 13. a3 Bd7 14. Ba2 Re8 15.
b4 Nd6 16. a4 a6 17. Bb3 b5 18. axb5 axb5 19. Rxa8 Qxa8 20. Qd1 Qc6 21. h3 Kh8
22. Kh1 e5 23. dxe5 fxe5 24. Ng1 d4 25. Nb1 Nd5 26. Bxd5 Qxd5 27. c3 Ne4 28.
Qf3 Bc6 29. cxd4 Rf8 30. Qe3 Nxf2+ 31. Kh2 Qxg2# 1-0

[Event "Jack Woodbury mem."]
[Site "Winnipeg CAN"]
[Date "2019.11.12"]
[Round "2.14"]
[White "Myrzaibraimova, Aibike"]
[Black "Magyar, Peter"]
[Result "1-0"]
[WhiteElo "1566"]
[BlackElo "1502"]
[PlyCount "71"]
[EventDate "2019.11.05"]
[EventType "swiss"]
[EventRounds "6"]
[EventCountry "CAN"]

1. e4 e6 2. d4 d5 3. exd5 exd5 4. Bd3 Nf6 5. Nf3 Bd6 6. O-O O-O 7. Nc3 Be6 8.
Re1 c6 9. h3 Qc8 10. Bf1 Nbd7 11. Ng5 Bf5 12. Bd3 Nb6 13. Qf3 Bxd3 14. Qxd3 h6
15. Nf3 Nh5 16. Bd2 Nf4 17. Bxf4 Bxf4 18. Ne5 Qc7 19. Re2 Rae8 20. Rae1 Nd7 21.
Qf5 Bh2+ 22. Kxh2 f6 23. Qxd7 Qb8 24. Kg1 fxe5 25. Rxe5 Rd8 26. Qe6+ Kh7 27.
Qg4 Rf6 28. Re7 Rg8 29. R1e6 Qf4 30. Rxf6 Qxf6 31. Rxb7 Rf8 32. Nd1 Rf7 33.
Rxf7 Qxf7 34. Ne3 g6 35. c3 a5 36. Qc8 1-0

[Event "Jack Woodbury mem."]
[Site "Winnipeg CAN"]
[Date "2019.11.19"]
[Round "3.1"]
[White "Wiebe, Isaac"]
[Black "Prince, Colin"]
[Result "1/2-1/2"]
[WhiteElo "2239"]
[BlackElo "1884"]
[PlyCount "35"]
[EventDate "2019.11.05"]
[EventType "swiss"]
[EventRounds "6"]
[EventCountry "CAN"]

1. e4 e5 2. Nf3 Nc6 3. Bc4 Nf6 4. Ng5 Bc5 5. Bxf7+ Ke7 6. Bb3 Rf8 7. Nc3 Bxf2+
8. Kxf2 Nxe4+ 9. Ke1 Nxg5 10. d4 Nf7 11. Rf1 h6 12. dxe5 Ncxe5 13. Nd5+ Ke8 14.
Qh5 d6 15. Qe2 c6 16. Nf4 Qe7 17. Be3 g5 18. Nd3 1/2-1/2

[Event "Jack Woodbury mem."]
[Site "Winnipeg CAN"]
[Date "2019.11.19"]
[Round "3.2"]
[White "Czypinski, Jaroslaw"]
[Black "Wolchock, Theo"]
[Result "1/2-1/2"]
[WhiteElo "1975"]
[BlackElo "2234"]
[PlyCount "151"]
[EventDate "2019.11.05"]
[EventType "swiss"]
[EventRounds "6"]
[EventCountry "CAN"]

1. d4 Nf6 2. Nf3 g6 3. Nc3 d5 4. Bf4 Bg7 5. e3 O-O 6. Be2 c5 7. O-O Nc6 8. Ne5
cxd4 9. exd4 Qb6 10. Nxc6 bxc6 11. Na4 Qa5 12. Nc5 Nd7 13. Nxd7 Bxd7 14. c3 c5
15. dxc5 Qxc5 16. Be3 Qd6 17. Qd2 Bc6 18. Bh6 Rab8 19. Bxg7 Kxg7 20. Bf3 e5 21.
g3 Rfd8 22. Bg2 d4 23. Bxc6 Qxc6 24. Rfe1 f6 25. cxd4 Rxd4 26. Qe2 Rbd8 27.
Rac1 Qd6 28. Qc2 Rd7 29. Re2 a5 30. b3 Qd5 31. Qc3 Rd3 32. Qc2 Qf3 33. Rce1 h5
34. h4 g5 35. hxg5 h4 36. gxf6+ Kxf6 37. Re3 Rxe3 38. fxe3 Qxg3+ 39. Kf1 Kg5
40. Qf2 Qh3+ 41. Qg2+ Qxg2+ 42. Kxg2 Kg4 43. Re2 h3+ 44. Kh2 Kf3 45. Rc2 Kxe3
46. Rc5 e4 47. Rxa5 Ke2 48. Kxh3 e3 49. Re5 Kf2 50. Rf5+ Ke1 51. a4 e2 52. a5
Rd3+ 53. Kg2 Rxb3 54. a6 Ra3 55. Rf6 Ra5 56. Rg6 Kd1 57. Rd6+ Ke1 58. Rg6 Re5
59. a7 Re8 60. Rg7 Kd1 61. Rd7+ Kc2 62. Rc7+ Kd3 63. Rd7+ Kc4 64. Rc7+ Kd3 65.
Rd7+ Kc2 66. Rc7+ Kd1 67. Rd7+ Ke1 68. Rg7 Ra8 69. Kg1 Kd1 70. Rd7+ Ke1 71. Rg7
Kd2 72. Rd7+ Kc3 73. Kf2 Re8 74. Ke1 Kc4 75. Rb7 Ra8 76. Kxe2 1/2-1/2

[Event "Jack Woodbury mem."]
[Site "Winnipeg CAN"]
[Date "2019.11.19"]
[Round "3.3"]
[White "Green, Jim"]
[Black "Abioye, Yemi"]
[Result "0-1"]
[WhiteElo "1835"]
[BlackElo "2068"]
[PlyCount "140"]
[EventDate "2019.11.05"]
[EventType "swiss"]
[EventRounds "6"]
[EventCountry "CAN"]

1. e4 e6 2. Nf3 d5 3. e5 c5 4. b4 c4 5. c3 a5 6. b5 a4 7. d4 Qa5 8. Ng5 h6 9.
Nf3 Bd7 10. Be2 Bxb5 11. O-O Bd7 12. Qc2 b5 13. a3 Nc6 14. Bf4 Qd8 15. Bg3 Na5
16. Nh4 Be7 17. Nf3 h5 18. Ra2 g5 19. h3 Nh6 20. Ne1 Nf5 21. Bh2 Bc6 22. Qd1 h4
23. Bg4 Qd7 24. Nc2 O-O-O 25. Ne3 Rdf8 26. Rb2 Nb3 27. Re2 Rhg8 28. Rfe1 Nh6
29. Qc2 Rg7 30. Qd1 Qe8 31. Bh5 Rfg8 32. Ng4 Nxg4 33. Bxg4 Qf8 34. Ra2 Kb7 35.
Qe2 Kb6 36. Qd1 Rg6 37. f3 Na5 38. Bh5 Rh6 39. Bg4 Be8 40. Qe2 Nb3 41. Qd1 Qg7
42. Rae2 Qg6 43. Re3 Bd7 44. R1e2 Rc8 45. Re1 Qg7 46. R1e2 Rhh8 47. Re1 Qf8 48.
f4 gxf4 49. Bxf4 Bxa3 50. Nxa3 Qxa3 51. R3e2 Qe7 52. Ra2 Rcg8 53. Bf3 Ka6 54.
Qc2 Rb8 55. Bc1 Nxc1 56. Qxc1 Kb6 57. Ree2 Kc7 58. Reb2 b4 59. Rb1 b3 60. Raa1
Rb6 61. Qa3 Qxa3 62. Rxa3 Ra8 63. Rb2 Kd8 64. Kf2 Ke7 65. g4 f6 66. Ke3 fxe5
67. dxe5 Rf8 68. Be2 Rbb8 69. Bf3 Rxf3+ 70. Kxf3 d4 0-1